000 02064nam a2200301Ia 4500
003 OSt
005 20210817164434.0
008 210310s1976 sp ad gr 000 0 spa d
020 _a8437500648
040 _aCO-JMCR
_cCO-JMCR
041 1 _aspa
_heng
082 0 4 _a338.5 /
_bC748t
_223
111 2 _aConferencias Radcliffe
_d(1969 :
_cInglaterra)
_939438
245 1 3 _aLa teoría del crecimiento :
_buna exposición /
_cR. M. Solow ; traducción de José Mendoza
250 _aPrimera edición
260 _aMadrid :
_bFondo de Cultura Económica,
_c1976
300 _a116 páginas :
_bilustraciones y gráficas a blanco y negro ;
_c21 cm.
490 0 _aSección de obras de economía
500 _aTítulo original: Growth Theory. An exposition
504 _aBibliografía: páginas [115]-116
505 0 _aCaracterísticas de los estados estables -- Razón capital/Producto variable -- Un modelo sin sustitución directa -- Un modelo con dos activos -- La política económica en un modelo de crecimiento -- Algunos aspectos de política económica
520 3 _aEste libro (basado en las conferencias Radcliffe, dictadas por el autor en la Universidad de Warwick, en 1969) es una visión panorámica de la teoría general moderna sobre el crecimiento económico. Está organizado en torno a las famosas condiciones de Harrod-Domar para el equilibrio de una economía en desarrollo. El autor muestra cómo va cambiando el carácter del equilibrio en las condiciones de crecimiento y plena ocupación, y cómo se amplía a medida que se hacen supuestos cada vez más complejos sobre tecnología, ahorro y activos monetarios. Los dos últimos capítulos estudian algunas cuestiones generales de política económica y exponen el problema de las vías óptimas de acumulación de capital y el del descuento de los beneficios en las inversiones públicas.
546 _aTraducido del inglés.
650 1 4 _aDesarrollo económico
_916998
700 1 _aSolow, R. M.,
_eautor
_939439
700 1 _aMendoza, José,
_etraductor
_939440
942 _2ddc
_cBK
999 _c8344
_d8344